Normal view
MARC view
- تشومسكي ، ناعوم ؛ ترجمة ، موسى برهوم
Entry Personal Name
001 - CONTROL NUMBER
- control field: 48506
003 - CONTROL NUMBER IDENTIFIER
- control field: JO-AjAnu
005 - DATE AND TIME OF LATEST TRANSACTION
- control field: 20230606082011.0
008 - FIXED-LENGTH DATA ELEMENTS
- fixed length control field: 230606|| aca||aabn | a|a d
040 ## - CATALOGING SOURCE
- Original cataloging agency: JO-AjAnu
- Transcribing agency: JO-AjAnu
100 ## - HEADING--PERSONAL NAME
- Personal name: تشومسكي ، ناعوم ؛ ترجمة ، موسى برهوم
670 ## - SOURCE DATA FOUND
- Source citation: Work cat.: (JO-AjAnu)24815: تشومسكي ، ناعوم ؛ ترجمة ، موسى برهوم , author, ما الذي يريده العم سام حقا